00370nam a22001217a 4500020001600000082000800016100002300024245008600047260003500133300002700168650003200195700002100227 qHard Cover. a005 aRasul, Asma Ghulam aHandwriting analysis of offline data for gender predication /cAsma Ghulam Rasul. aIslamabad:bMCS - NUST,c2016. a59 p. :bill. ;c30cm. aComputer Science MS-Thesis. aDr. Hammad Afzal